Structural engineering and applied mechanics data handbook :frames vol-2 / (Record no. 5942)
[ view plain ]
| 000 -LEADER | |
|---|---|
| fixed length control field | 00473cam a2200169ua 4500 |
| 020 ## - INTERNATIONAL STANDARD BOOK NUMBER | |
| ISBN | 0 87 201 330 8 |
| 041 ## - LANGUAGE CODE | |
| Language code of text/sound track or separate title | eng |
| 082 ## - DEWEY DECIMAL CLASSIFICATION NUMBER | |
| Classification number | 028.71620 |
| Item number | HSU/ST |
| 100 ## - MAIN ENTRY--AUTHOR NAME | |
| Personal name | Hsu, Teng H . |
| 245 ## - TITLE STATEMENT | |
| Title | Structural engineering and applied mechanics data handbook :frames vol-2 / |
| 250 ## - EDITION STATEMENT | |
| Edition statement | 1 / |
| 260 ## - PUBLICATION, DISTRIBUTION, ETC. (IMPRINT) | |
| Place of publication | London : |
| Name of publisher | Gulf Publishing Company , |
| Year of publication | 1989. |
| 300 ## - PHYSICAL DESCRIPTION | |
| Number of Pages | 536 ; . |
| 942 ## - ADDED ENTRY ELEMENTS (KOHA) | |
| Koha item type | Books |
| Withdrawn status | Lost status | Damaged status | Home library | Current library | Date acquired | Full call number | Accession Number | Koha item type |
|---|---|---|---|---|---|---|---|---|
| KAUAET | 07/04/2012 | 028.71620 | 20351 | Books |
